00434cam a2200169 450000100060000001000150000600500170002102100180003810000410005610100080009710200070010570000190011220000710013121000360020221500190023880100070025728407 a972261908920220405165308.0 aPTb163683/01 a20070918d2001 c y0pory5003 ba0 apor aPT 1aSoaresbDucla 1 aUns Óculos para a Rita fLuísa Ducla Soares gil. Olé Design aPorto cCivilização d2001  a[32] p.d26 cm 0aPT